<?xml version="1.0" encoding="UTF-8"?>
<record
    xmlns:xsi="http://www.w3.org/2001/XMLSchema-instance"
    xsi:schemaLocation="http://www.loc.gov/MARC21/slim http://www.loc.gov/standards/marcxml/schema/MARC21slim.xsd"
    xmlns="http://www.loc.gov/MARC21/slim">

  <leader>03116nam a2200505Ii 4500</leader>
  <controlfield tag="001">DIGANT0391</controlfield>
  <controlfield tag="003">NyNyDIG</controlfield>
  <controlfield tag="008">170227s2015    sp       ob   000 0 spa d</controlfield>
  <controlfield tag="006">m     o  d        </controlfield>
  <controlfield tag="007">cr |||||||||||</controlfield>
  <datafield tag="020" ind1=" " ind2=" ">
    <subfield code="z">9788416421183</subfield>
  </datafield>
  <datafield tag="020" ind1=" " ind2=" ">
    <subfield code="z">8416421188</subfield>
  </datafield>
  <datafield tag="035" ind1=" " ind2=" ">
    <subfield code="a">(OCoLC)979418002</subfield>
  </datafield>
  <datafield tag="040" ind1=" " ind2=" ">
    <subfield code="a">DGITA</subfield>
    <subfield code="b">eng</subfield>
    <subfield code="e">rda</subfield>
    <subfield code="e">pn</subfield>
    <subfield code="c">DGITA</subfield>
  </datafield>
  <datafield tag="043" ind1=" " ind2=" ">
    <subfield code="a">cl-----</subfield>
  </datafield>
  <datafield tag="050" ind1="1" ind2="4">
    <subfield code="a">PN241 eBook</subfield>
  </datafield>
  <datafield tag="245" ind1="0" ind2="0">
    <subfield code="a">Traducci&#xF3;n y tradici&#xF3;n literaria /</subfield>
    <subfield code="c">Carmen Dolores Carrillo Ju&#xE1;rez, Marco &#xC1;ngel Lara (coords.) ; pr&#xF3;logo de Carmen Dolores Carrillo Ju&#xE1;rez ; Gerardo Arg&#xFC;elles Fern&#xE1;ndez, Carmen Dolores Carrillo Ju&#xE1;rez, Iwona Kasperska, Daniel Santillana Garc&#xED;a, V&#xED;ctor Grovas Hajj, Jos&#xE9; Mar&#xED;a Mic&#xF3;, Joanna Studzi&#x144;ska.</subfield>
  </datafield>
  <datafield tag="250" ind1=" " ind2=" ">
    <subfield code="a">Primera edici&#xF3;n. </subfield>
  </datafield>
  <datafield tag="264" ind1=" " ind2="1">
    <subfield code="a">Barcelona :</subfield>
    <subfield code="b">Anthropos Editorial ;</subfield>
    <subfield code="a">Quer&#xE9;taro, Mexico :</subfield>
    <subfield code="b">Universidad Aut&#xF3;noma de Quer&#xE9;taro,</subfield>
    <subfield code="c">2015.</subfield>
  </datafield>
  <datafield tag="300" ind1=" " ind2=" ">
    <subfield code="a">1 online resource.</subfield>
  </datafield>
  <datafield tag="336" ind1=" " ind2=" ">
    <subfield code="a">text</subfield>
    <subfield code="b">txt</subfield>
    <subfield code="2">rdacontent</subfield>
  </datafield>
  <datafield tag="337" ind1=" " ind2=" ">
    <subfield code="a">computer</subfield>
    <subfield code="b">c</subfield>
    <subfield code="2">rdamedia</subfield>
  </datafield>
  <datafield tag="338" ind1=" " ind2=" ">
    <subfield code="a">online resource</subfield>
    <subfield code="b">cr</subfield>
    <subfield code="2">rdacarrier</subfield>
  </datafield>
  <datafield tag="490" ind1="1" ind2=" ">
    <subfield code="a">Autores, textos y temas. Literatura ;</subfield>
    <subfield code="v">40</subfield>
  </datafield>
  <datafield tag="504" ind1=" " ind2=" ">
    <subfield code="a">Includes bibliographical references.</subfield>
  </datafield>
  <datafield tag="505" ind1="0" ind2=" ">
    <subfield code="a">Un acercamiento a la poes&#xED;a de Czeslaw Milosz por medio de las aproximaciones de Jos&#xE9; Emilio Pacheco / Carmen Dolores Carrillo Ju&#xE1;rez -- &#xBF;C&#xF3;mo leer a Ingarden? : la teor&#xED;a literaria de Roman Ingarden y el problema de su traducci&#xF3;n al espa&#xF1;ol / Gerardo Arg&#xFC;elles Fern&#xE1;ndez -- Ideolog&#xED;as en la traducci&#xF3;n : identidad, canon y autocensura / Iwona Kasperska -- Par&#xE1;frasis de una mujer amorosa de Ihara Saikaku / Daniel Santillana Garc&#xED;a -- Traducci&#xF3;n, tradici&#xF3;n, recepci&#xF3;n y alteridad en La ida de Quetzalc&#xF3;atl : hacia una lectura contempor&#xE1;nea de un texto paradigm&#xE1;tico del teatro prehisp&#xE1;nico mexicano / V&#xED;ctor Grovas Hajj -- Hacia otra traducci&#xF3;n de la Commedia : el canto de Farinata y Cavalcante / Jos&#xE9; Mar&#xED;a Mic&#xF3; -- La huella fraseol&#xF3;gica en la traducci&#xF3;n de la poes&#xED;a / Joanna Studzi&#x144;ska.</subfield>
  </datafield>
  <datafield tag="588" ind1="0" ind2=" ">
    <subfield code="a">Online resource; title from PDF title page (Digitalia, viewed February 27, 2017)</subfield>
  </datafield>
  <datafield tag="650" ind1=" " ind2="0">
    <subfield code="a">Translating and interpreting.</subfield>
  </datafield>
  <datafield tag="655" ind1=" " ind2="0">
    <subfield code="a">Electronic books.</subfield>
  </datafield>
  <datafield tag="700" ind1="1" ind2=" ">
    <subfield code="a">Carrillo Ju&#xE1;rez, Carmen Dolores,</subfield>
    <subfield code="e">editor,</subfield>
    <subfield code="e">author,</subfield>
    <subfield code="e">contributor agent of text.</subfield>
  </datafield>
  <datafield tag="700" ind1="1" ind2=" ">
    <subfield code="a">&#xC1;ngel, Marco,</subfield>
    <subfield code="d">1970-</subfield>
    <subfield code="e">editor.</subfield>
  </datafield>
  <datafield tag="700" ind1="1" ind2=" ">
    <subfield code="a">Arg&#xFC;elles Fern&#xE1;ndez, Gerardo,</subfield>
    <subfield code="e">author.</subfield>
  </datafield>
  <datafield tag="700" ind1="1" ind2=" ">
    <subfield code="a">Kasperska, Iwona,</subfield>
    <subfield code="e">author.</subfield>
  </datafield>
  <datafield tag="700" ind1="1" ind2=" ">
    <subfield code="a">Santillana Garc&#xED;a, Daniel,</subfield>
    <subfield code="e">author.</subfield>
  </datafield>
  <datafield tag="700" ind1="1" ind2=" ">
    <subfield code="a">Grovas, V&#xED;ctor,</subfield>
    <subfield code="d">1967-</subfield>
    <subfield code="e">author.</subfield>
  </datafield>
  <datafield tag="700" ind1="1" ind2=" ">
    <subfield code="a">Mic&#xF3;, Jos&#xE9; Mar&#xED;a,</subfield>
    <subfield code="d">1961-</subfield>
    <subfield code="e">author.</subfield>
  </datafield>
  <datafield tag="700" ind1="1" ind2=" ">
    <subfield code="a">Studzi&#x144;ska, Joanna,</subfield>
    <subfield code="e">author.</subfield>
  </datafield>
  <datafield tag="776" ind1="0" ind2="8">
    <subfield code="i">Print version:</subfield>
    <subfield code="t">Traducci&#xF3;n y tradici&#xF3;n literaria.</subfield>
    <subfield code="d">Barcelona : Anthropos Editorial ; Quer&#xE9;taro, Mexico : Universidad Aut&#xF3;noma de Quer&#xE9;taro, 2015</subfield>
    <subfield code="z">9788416421183</subfield>
    <subfield code="w">(OCoLC)934437403</subfield>
  </datafield>
  <datafield tag="793" ind1="0" ind2=" ">
    <subfield code="g">Digitalia eBook Collection:</subfield>
    <subfield code="a">Anthropos</subfield>
  </datafield>
  <datafield tag="791" ind1="2" ind2=" ">
    <subfield code="a">Digitalia (Firm),</subfield>
    <subfield code="e">distributor.</subfield>
  </datafield>
  <datafield tag="830" ind1=" " ind2="0">
    <subfield code="a">Autores, textos y temas.</subfield>
    <subfield code="p">Literatura ;</subfield>
    <subfield code="v">40.</subfield>
  </datafield>
  <datafield tag="856" ind1="4" ind2="0">
    <subfield code="3">Digitalia Hisp&#xE1;nica</subfield>
    <subfield code="u">https://www.digitaliapublishing.com/a/41729/</subfield>
  </datafield>
  <datafield tag="910" ind1=" " ind2=" ">
    <subfield code="a">Premium collection: 2017</subfield>
  </datafield>
  <datafield tag="942" ind1=" " ind2=" ">
    <subfield code="c">RAA</subfield>
  </datafield>
  <datafield tag="952" ind1=" " ind2=" ">
    <subfield code="0">0</subfield>
    <subfield code="1">0</subfield>
    <subfield code="4">0</subfield>
    <subfield code="7">0</subfield>
    <subfield code="8">DEH</subfield>
    <subfield code="a">BD-UIN</subfield>
    <subfield code="b">BD-UIN</subfield>
    <subfield code="d">2025-04-25</subfield>
    <subfield code="l">0</subfield>
    <subfield code="r">2025-04-25</subfield>
    <subfield code="w">2025-04-25</subfield>
    <subfield code="y">RAA</subfield>
  </datafield>
  <datafield tag="999" ind1=" " ind2=" ">
    <subfield code="c">246738</subfield>
    <subfield code="d">246738</subfield>
  </datafield>
</record>
